000 00269nam a2200109Ia 4500
008 220204s9999 xx 000 0 und d
082 _a687.13
_bHAL
245 0 _aChildren's clothes and toys
260 _aCalifornia
_bLane
_c1983
700 _aHallowell, A R
942 _cBK
999 _c38687
_d38687